Organizational behavior : (Record no. 356912)
[ view plain ]
| 000 -LEADER | |
|---|---|
| fixed length control field | 00641nam a2200241Ia 4500 |
| 008 - FIXED-LENGTH DATA ELEMENTS--GENERAL INFORMATION | |
| fixed length control field | 180523s9999 xx 000 0 und d |
| 020 ## - INTERNATIONAL STANDARD BOOK NUMBER | |
| International Standard Book Number | 978-0-04-1315685 |
| 050 ## - LIBRARY OF CONGRESS CALL NUMBER | |
| Classification number | MAIN HD 58.7 |
| 050 ## - LIBRARY OF CONGRESS CALL NUMBER | |
| Item number | .K56 2012 |
| 100 ## - MAIN ENTRY--PERSONAL NAME | |
| Personal name | Kinicki, Angelo |
| 245 #0 - TITLE STATEMENT | |
| Title | Organizational behavior : |
| 245 #0 - TITLE STATEMENT | |
| Remainder of title | key concepts, skills & best practices / |
| 245 #0 - TITLE STATEMENT | |
| Statement of responsibility, etc | Angelo Kinicki, Mel Fugate. |
| 250 ## - EDITION STATEMENT | |
| Edition statement | 5th Edition |
| 260 ## - PUBLICATION, DISTRIBUTION, ETC. (IMPRINT) | |
| Place of publication, distribution, etc | New York : |
| 260 ## - PUBLICATION, DISTRIBUTION, ETC. (IMPRINT) | |
| Name of publisher, distributor, etc | McGraw-Hill, |
| 260 ## - PUBLICATION, DISTRIBUTION, ETC. (IMPRINT) | |
| Date of publication, distribution, etc | 2012 |
| 300 ## - PHYSICAL DESCRIPTION | |
| Extent | 497 pages : |
| 300 ## - PHYSICAL DESCRIPTION | |
| Other physical details | colored illustrations ; |
| 300 ## - PHYSICAL DESCRIPTION | |
| Dimensions | 26 cm. |
| 500 ## - GENERAL NOTE | |
| General note | Includes index. |
| 650 ## - SUBJECT ADDED ENTRY--TOPICAL TERM | |
| Topical term or geographic name as entry element | Organizational behavior. |
| Withdrawn status | Lost status | Damaged status | Home library | Current library | Shelving location | Date acquired | Cost, normal purchase price | Total Checkouts | Full call number | Barcode | Date last seen | Price effective from | Koha item type |
|---|---|---|---|---|---|---|---|---|---|---|---|---|---|
| South Mansfield College | South Mansfield College | 12/15/2015 | 1.00 | MAIN HD 58.7 .K56 2012 | SMC05992 | 05/23/2018 | 05/23/2018 |